[Event "22nd Oberwarter Open"]
[Site "Oberwart (Austria)"]
[Date "2000.07.10"]
[Round "3.4"]
[White "RIEKE, Theo"]
[Black "BURMAKIN, Vladimir"]
[Result "0-1"]
[WhiteElo "2220"]
[BlackElo "2538"]
[PlyCount "70"]
[EventDate "2000.07.10"]

1. e4 c6 2. d4 d5 3. Nd2 dxe4 4. Nxe4 Bf5 5. Ng3 Bg6 6. h4 h6 7. Nf3 Nd7 8. h5
Bh7 9. Bd3 Bxd3 10. Qxd3 e6 11. Bd2 Qc7 12. O-O-O O-O-O 13. Qe2 Bd6 14. Ne4 Bf4
15. g3 Bxd2+ 16. Nexd2 Ngf6 17. Ne5 Rhf8 18. f4 c5 19. Ndf3 Nxe5 20. dxe5 Nd5
21. Nd2 Kb8 22. a3 Rd7 23. Ne4 Rfd8 24. Rd2 c4 25. c3 f6 26. Rhd1 fxe5 27. fxe5
b5 28. Nd6 a6 29. Rd4 Ne7 30. Qe4 Qc5 31. Nf7 Rxd4 32. Rxd4 Rxd4 33. cxd4 Qc6
34. Qh7 Qh1+ 35. Kd2 Qg2+ 0-1

[Event "22nd Oberwarter Open"]
[Site "Oberwart (Austria)"]
[Date "2000.07.10"]
[Round "3.5"]
[White "LOGINOV, Valery"]
[Black "KOVACS, Gabor"]
[Result "1-0"]
[WhiteElo "2514"]
[BlackElo "2348"]
[PlyCount "81"]
[EventDate "2000.07.10"]

1. Nf3 Nf6 2. g3 b6 3. Bg2 Bb7 4. O-O c5 5. d3 e6 6. Nbd2 d5 7. c3 Nbd7 8. Re1
Be7 9. e4 dxe4 10. dxe4 e5 11. Nc4 Qc7 12. Nfd2 O-O 13. a4 Rfe8 14. Ne3 Rad8
15. Qb3 Bf8 16. a5 Bc6 17. Nd5 Qb7 18. Nf1 h6 19. Nfe3 b5 20. c4 b4 21. Qc2 g6
22. b3 Bg7 23. Bb2 Qb8 24. Rf1 Nh7 25. f4 f6 26. f5 g5 27. Bf3 Bxd5 28. Nxd5
Qc8 29. Bh5 Nb8 30. Qf2 Bf8 31. Bg6 Bg7 32. Bc1 Nf8 33. Be3 Na6 34. Bh5 Qc6 35.
h4 Rc8 36. hxg5 hxg5 37. Bxg5 fxg5 38. f6 Re6 39. fxg7 Kxg7 40. Qf7+ Kh8 41.
Nf6 1-0

[Event "22nd Oberwarter Open"]
[Site "Oberwart (Austria)"]
[Date "2000.07.10"]
[Round "3.6"]
[White "LAKOS, Nikoletta"]
[Black "OKHOTNYK, Vladimir"]
[Result "1/2-1/2"]
[WhiteElo "2327"]
[BlackElo "2510"]
[Annotator "OEM LOTHAR KARRER"]
[PlyCount "70"]
[EventDate "2000.07.10"]

1. e4 g6 2. d4 Bg7 3. Nc3 c6 4. Bc4 b5 5. Bb3 a5 (5... b4 6. Nce2 d5 7. exd5
cxd5 8. Nf3 Nf6 9. a3 bxa3 10. Rxa3 O-O 11. O-O Nbd7 12. Ne5 e6 13. Bf4 Qb6 14.
Nc3 Nh5 15. Na4 Qb4 16. Nxd7 Bxd7 17. Be3 Rfc8 18. c3 Qd6 19. Nc5 Bb5 20. Re1
a6 21. Qf3 Nf6 22. h4 h5 23. Bf4 Qc6 24. Bc2 Re8 25. Be5 Nd7 26. Nxd7 Qxd7 27.
g4 hxg4 28. Qxg4 Qe7 29. h5 f6 30. Bxg6 fxe5 31. Bxe8 Rxe8 32. h6 e4 33. c4
Bxc4 34. Rg3 Rf8 35. b3 Bxb3 36. Rxb3 Rf7 37. Qg6 Qc7 38. Reb1 {
1-0 Smirin,I-Ubilava,E/Daugavpils 1989/CBM 16 (38)}) 6. a3 Ba6 (6... d6 7. Qf3
e6 8. Nge2 Ba6 9. Be3 Ne7 10. h4 b4 11. Na4 h6 12. Nf4 O-O 13. h5 g5 14. Nh3
Nd7 15. Qg3 Nf6 16. Nxg5 hxg5 17. h6 Nxe4 18. Qg4 Bf6 19. Qxe4 Rb8 20. Qg4 Nf5
21. Bxg5 Bxg5 22. Rh5 Kh7 23. Rxg5 Rg8 24. Rxg8 Qxg8 25. Qe4 d5 26. Qe5 bxa3
27. bxa3 Qg4 28. Nc5 Bb5 29. Nd7 Qxg2 30. O-O-O Rd8 31. Nf6+ Kxh6 32. Kb1 a4
33. Ba2 Kg6 34. Qc7 Rh8 35. Nd7 Rh1 36. Ne5+ Kg5 37. Nxf7+ Kf6 38. Rxh1 Qxh1+
39. Kb2 Qh4 40. f4 Qh7 41. Nd6 Qxc7 42. Ne8+ Ke7 43. Nxc7 Nxd4 44. Kc3 c5 45.
f5 Kd6 46. f6 Bc6 47. f7 Ke7 48. Na6 Nb5+ 49. Kd2 c4 50. Nc5 Kxf7 51. Nxa4 Nxa3
52. Nb6 Ke7 53. Kc3 Kd6 54. Kb2 Nb5 55. c3 Be8 56. Bb1 Kc7 57. Na4 Kc6 58. Bh7
Bf7 59. Kc2 Nd6 60. Nb2 Bh5 61. Bg8 Bg6+ 62. Kd2 Ne4+ 63. Ke3 Kd6 64. Nxc4+
dxc4 65. Kd4 Nf6 66. Bxe6 Kxe6 67. Kxc4 Ke5 68. Kb3 Ne4 69. c4 Nc5+ 70. Kc3 Bf5
71. Kb4 Kd4 72. Kb5 Bd7+ 73. Kb4 Bc6 74. Ka3 Kc3 75. Ka2 Be4 76. Ka1 Bc2 77.
Ka2 Bb3+ 78. Ka1 Bxc4 79. Kb1 Nd3 80. Ka1 Nb4 81. Kb1 Nc2 82. Kc1 Ba2 83. Kd1
Nd4 84. Kc1 Ne2+ 85. Kd1 Kd3 86. Ke1 Ke3 87. Kf1 Nf4 88. Ke1 Bb3 89. Kf1 Bc2
90. Ke1 Ng2+ 91. Kf1 Kf3 92. Kg1 Kg3 93. Kh1 Bd3 94. Kg1 Nf4 95. Kh1 Be2 {
0-1 Borgstaedt,M-Kessler,D/Dortmund 1988/TD (95)}) 7. Qf3 e6 8. e5 f5 (8... d5
9. exd6 Nf6 10. Bg5 h6 11. Bh4 O-O 12. Nge2 g5 13. Bg3 b4 14. axb4 axb4 15. Na4
Nd5 16. Rd1 Nd7 17. O-O f5 18. h3 h5 19. Bxd5 exd5 20. c4 Bxc4 21. b3 g4 {
0-1 Moser,K-Moskalenko,V/St. Ingbert 1990/EXT 97 (21)}) 9. h4 (9. Nce2 Ne7 10.
h4 h6 11. Nf4 Qb6 12. Be3 a4 13. Bxe6 dxe6 14. Nxe6 Kf7 15. d5 Qa5+ 16. Bd2 b4
17. Nxg7 Qxd5 18. Bxb4 Qxe5+ 19. Ne2 Bxe2 20. Qxe2 Qxe2+ 21. Kxe2 Nd5 22. Nxf5
gxf5 23. Bd2 Nd7 24. f3 h5 25. Kf2 Rab8 26. Rab1 Rhe8 27. Rhd1 Nc5 28. g3 Rb7
29. Re1 Rxe1 30. Bxe1 Ne6 31. b4 Nb6 32. Rd1 Rd7 33. Rxd7+ Nxd7 34. Bc3 Nb6 35.
Bb2 Nc4 36. Bc1 Nd4 37. c3 Nb3 {
0-1 Almasi,I-Kaabi,M/Budapest 1995/CBM 50 ext (37)}) 9... b4 (9... d5 10. exd6
Bxd4 11. Nge2 Bf6 12. Bf4 e5 13. O-O-O b4 14. Na4 e4 15. Qe3 Nd7 16. Ng3 Kf8
17. f3 exf3 18. Rhe1 h5 19. gxf3 Bxh4 20. Nc5 Nxc5 21. Qxc5 Nh6 22. Re7 a4 23.
Bxh6+ Rxh6 24. Rf7+ Kg8 25. Qe5 Rh7 26. Rg7+ {
1-0 Abu Rab,Z-Lang,T/Wolfstein 1994/GER (26)}) 10. Na4 Bb5 11. h5 Bxa4 12. Bxa4
Qb6 13. Ne2 Na6 14. Be3 bxa3 15. bxa3 Qb7 16. Kd2 Ne7 17. Rab1 Qc7 18. hxg6
hxg6 19. Rxh8+ Bxh8 20. Rh1 Bg7 21. Rh7 Kf7 22. Bh6 Rg8 23. Qg3 Kf8 24. Rxg7
Rxg7 25. Qg5 Ng8 26. Bxg7+ Kxg7 27. Nf4 Qb6 28. c3 Qb2+ 29. Bc2 Qxa3 30. Qxg6+
Kf8 31. Qh7 Ne7 32. Qh8+ Kf7 33. Qf6+ Ke8 34. Qh8+ (34. Nh5 Kd8 (34... Qxc3+
35. Kxc3 Nd5+ 36. Kb3 Nxf6 37. Nxf6+ $16) 35. Qf8+ Kc7 36. Nf6 $16) 34... Kf7
35. Qf6+ Ke8 1/2-1/2

[Event "22nd Oberwarter Open"]
[Site "Oberwart (Austria)"]
[Date "2000.07.10"]
[Round "3.7"]
[White "SANDHOEFNER, Florian"]
[Black "STANEC, Nikolaus"]
[Result "0-1"]
[WhiteElo "2189"]
[BlackElo "2484"]
[PlyCount "92"]
[EventDate "2000.07.10"]

1. e4 g6 2. d4 Bg7 3. Nc3 c6 4. Be3 d5 5. Qd2 dxe4 6. Nxe4 Nd7 7. Nf3 Ngf6 8.
Nxf6+ Nxf6 9. O-O-O Ne4 10. Qe1 Bg4 11. Be2 Nd6 12. h3 Be6 13. Kb1 a5 14. Ne5
a4 15. g4 Qc7 16. f4 Bd5 17. Rh2 b5 18. h4 b4 19. Qxb4 Rb8 20. Qe1 f6 21. Nf3
Qc8 22. Qg1 Bf7 23. Bc1 Qe6 24. b3 axb3 25. axb3 O-O 26. Qe3 Qxe3 27. Bxe3 Bxb3
28. Kc1 Be6 29. Rg1 Ra8 30. Bd3 Ra1+ 31. Kd2 Rxg1 32. Nxg1 Bxg4 33. Ne2 f5 34.
Rh1 Rb8 35. Ra1 c5 36. Ra4 cxd4 37. Bxd4 Bxe2 38. Kxe2 Bxd4 39. Rxd4 Kf7 40.
Bc4+ Kf6 41. Bb3 Ne4 42. Rc4 Nd6 43. Rd4 Ra8 44. Rd1 Ne4 45. Ke3 Nc5 46. Bd5
Ra3+ {.} 0-1

[Event "22nd Oberwarter Open"]
[Site "Oberwart (Austria)"]
[Date "2000.07.10"]
[Round "3.8"]
[White "KUPREICHIK, Viktor"]
[Black "WALDMANN, Ivan"]
[Result "1-0"]
[WhiteElo "2472"]
[BlackElo "2278"]
[PlyCount "147"]
[EventDate "2000.07.10"]

1. e4 c5 2. Nf3 e6 3. Nc3 a6 4. d4 cxd4 5. Nxd4 Qc7 6. g3 d6 7. Bg2 Nc6 8. O-O
Nf6 9. Be3 Be7 10. a4 Ne5 11. Nde2 b6 12. h3 Bb7 13. f4 Nc4 14. Bc1 O-O 15. b3
Qc5+ 16. Qd4 Na5 17. Ba3 Qxd4+ 18. Nxd4 Rfe8 19. Rfd1 d5 20. Bxe7 Rxe7 21. e5
Rc7 22. Nce2 Nd7 23. Kf2 Kf8 24. Rd3 Ke7 25. Re3 Nc6 26. Nxc6+ Bxc6 27. Nd4 Bb7
28. Ke2 Rac8 29. Kd2 Nb8 30. Bf1 Nc6 31. Nxc6+ Rxc6 32. Bd3 a5 33. g4 g6 34.
Rf1 Rc5 35. f5 exf5 36. gxf5 d4 37. Re2 gxf5 38. Rxf5 Rg8 39. Rf6 Rxe5 40. Rxb6
Rxe2+ 41. Kxe2 Bc8 42. Rh6 Rg3 43. h4 Rh3 44. Rxh7 Kf6 45. Kf2 Bg4 46. Kg2 Re3
47. Rh6+ Kg7 48. Rd6 Be2 49. Rxd4 Bxd3 50. cxd3 Re2+ 51. Kf3 Rb2 52. Ke4 Rxb3
53. Kd5 Kg6 54. Kc4 Rb1 55. Rg4+ Kh6 56. Kd5 f5 57. Rc4 Rb4 58. Ke5 Kg6 59. Rf4
Rb3 60. Rxf5 Rxd3 61. h5+ Kh6 62. Ke6 Ra3 63. Rxa5 Ra1 64. Kd6 Ra2 65. Kc6 Ra1
66. Kb6 Ra2 67. Ra8 Kxh5 68. a5 Kg6 69. a6 Kg7 70. Rb8 Rb2+ 71. Kc7 Rc2+ 72.
Kb7 Rb2+ 73. Ka8 Re2 74. a7 {.} 1-0

[Event "22nd Oberwarter Open"]
[Site "Oberwart (Austria)"]
[Date "2000.07.10"]
[Round "3.9"]
[White "STANETZEK, Carsten"]
[Black "BALINOV, Ilia"]
[Result "0-1"]
[WhiteElo "2168"]
[BlackElo "2453"]
[PlyCount "36"]
[EventDate "2000.07.10"]

1. e4 d5 2. exd5 Qxd5 3. Nc3 Qd6 4. d4 Nf6 5. Bc4 a6 6. a4 Bg4 7. f3 Bf5 8.
Nge2 Nc6 9. Bf4 Qb4 10. b3 O-O-O 11. Bd2 Qb6 12. g4 Bg6 13. g5 Nxd4 14. Nxd4
Qxd4 15. gxf6 exf6 16. Nd5 Rxd5 17. Bxd5 Bc5 18. Be6+ fxe6 0-1

[Event "22nd Oberwarter Open"]
[Site "Oberwart (Austria)"]
[Date "2000.07.10"]
[Round "3.10"]
[White "LENDWAI, Reinhard"]
[Black "DANNER, Georg"]
[Result "1-0"]
[WhiteElo "2361"]
[BlackElo "2437"]
[Annotator "OEM LOTHAR KARRER"]
[PlyCount "85"]
[EventDate "2000.07.10"]

1. e4 {Timman,J} 1... c5 2. Nf3 d6 3. Bb5+ Nc6 (3... Nd7) 4. O-O Bd7 (4... Bg4
5. h3 Bh5 6. c3 a6 (6... Qb6 7. Na3 a6 8. Ba4 Qc7 9. d4 b5 10. Nxb5 axb5 11.
Bxb5 O-O-O 12. b4 $1 Bxf3 13. gxf3 Nb8 14. Qa4 c4 15. d5 Nf6 {
Adams-Tiwjakow, New York (m/2)n 1994} 16. Be3) 7. Bxc6+ bxc6 8. d4 cxd4 (8...
Nf6 9. dxc5 Nxe4 10. cxd6 $16 {Van der Wiel}) 9. cxd4 Nf6 10. Bg5 $1 {
Van der Wiel-Larsen, Bruessel 1987} 10... Bg6 11. Nbd2 Nxe4 12. Qc2 Nc5 13. Qc3
Nb7 14. Qxc6+ Qd7 $14 {Van der Wiel}) 5. Re1 Nf6 (5... a6 6. Bxc6 (6. Bf1 g6 7.
c3 Bg7 8. h3 e5 9. a3 (9. Na3 Nge7 10. d4 cxd4 11. cxd4 Nxd4 12. Nxd4 exd4 13.
Bg5 h6 14. Bh4 g5 15. Bg3 Be6 16. Nc4 Bxc4 17. Bxc4 $44 {
Kosashvili-Yudasin, Haifa 1995}) 9... Nge7 10. b4 O-O 11. d3 cxb4 12. axb4 d5
13. Nbd2 d4 14. Bb2 dxc3 15. Bxc3 Nd4 16. Nc4 Nxf3+ 17. Qxf3 Nc6 18. Qe2 Be6 {
Sorokin-Nenaschew, Moskau 1992}) 6... Bxc6 7. d4 cxd4 8. Nxd4 Nf6 9. Bg5 e6 10.
Nxc6 bxc6 11. Qf3 Qa5 (11... e5 $2 12. Bxf6 Qxf6 13. Qc3 $1 $16 {
Timman-Cifuentes Parada, NED-ch 1996 (1-0;45)}) 12. Bd2 Qb6 13. c4 Be7 14. Nc3
O-O 15. b3 Nd7 16. Rad1 Ne5 17. Qg3 Ng6 18. Na4 Qb7 19. Bc3 a5 20. Qe3 Qa7 21.
Bd4 c5 22. Bb2 Rfd8 23. f4 Qb7 24. Rd2 (24. f5 $1 $16) 24... h6 25. Red1 e5 26.
g3 exf4 27. gxf4 f5 {K. Grosar-C. Flear, Elista 1998 (38), und nun haette} 28.
Qg3 $1 {die Partie sofort entschieden.}) 6. Nc3 g6 ({Haeufiger geschieht} 6...
e6 {z.B.:} 7. d3 Be7 8. Bf4 O-O 9. e5 dxe5 10. Nxe5 Nd4 11. Nxd7 Nxd7 12. a4
Nb6 13. a5 Nxb5 14. Nxb5 Nd5 15. Be5 Qd7 16. Nc3 (16. Qg4 $5) 16... Nb4 17. Ne4
Nc6 ({Ausgleich versprach auch} 17... f6) 18. Bc3 Nd4 19. Nd2 b5 20. axb6 axb6
21. Rxa8 Rxa8 {mit bequemem Ausgleich, Kavalek-Portisch, Turin 1982 (36; remis)
}) 7. Bxc6 Bxc6 8. e5 dxe5 9. Nxe5 Rc8 10. d3 Bg7 11. Qe2 (11. Bf4 O-O 12. Nxc6
Rxc6 13. Be5 Nh5 14. Qf3 ({Etwas bessere Chancen als die Partiefortsetzung bot
} 14. Bxg7 Nxg7 15. Qg4 Nf5 16. a3 e6) 14... f6 15. Bf4 e5 16. Bc1 f5 {
Belchodja-J. Bosch, Hyeres 1992 (0-1; 33) und nun sollte Weiss mit} 17. h3 {
und geringfuegig besseren Chancen fortfahren. In der Partie geschah aeusserst
schwach 17. b3??, worauf Schwarz rasch entscheidenden Vorteil erlangte.}) 11...
e6 12. Bg5 Qc7 ({Im Ausgleichssinne verdiente} 12... h6 $1 {den Vorzug.}) 13.
Qe3 b6 14. Bh6 ({Auch nach} 14. Bf4 Qb7 15. Bh6 O-O 16. Bxg7 Kxg7 17. Nxc6 {
hat Weiss das etwas freiere Spiel.}) 14... O-O 15. Bxg7 Kxg7 16. a4 Ba8 17. f3
Rfd8 ({Geboten war} 17... a6 18. a5 b5 19. Qg5 Rfd8 {
und Schwarz hat zumindest nichts zu befuerchten.}) 18. a5 {
Die kritische Stellung
Diagramm} 18... Nd5 $2 ({Nach dem Springertausch fehlt
dem Nachziehenden eine wichtige Verteidigungsfigur. Vorzuziehen war daher} 
18... b5 19. Nxb5 Qb7 20. c4 a6 21. Nc3 Qxb2 {mit etwa gleichen Chancen.}) 19.
Nxd5 Bxd5 20. axb6 ({Stark war auch sofort} 20. Ng4 $1 {
doch schmaelert der Zwischentausch auf "b6" keineswegs die weissen Aussichten})
20... axb6 21. Ng4 Kh8 ({Auch nach dem besseren} 21... Rg8 22. Qg5 b5 23. Ra6
c4 24. d4 Rb8 25. Qf6+ Kf8 26. Rea1 {wirkt die schwarze Stellung paralysiert.})
22. Qg5 f5 ({Nach} 22... Rg8 23. Nf6 Rg7 24. Nxd5 exd5 25. Qxd5 {besitzt Schwar
z bei zusaetzlich schlechterer Stellung fuer den Minusbauern keinerlei
Kompensation.}) 23. Ne5 $6 ({Sofort gewann} 23. Qf6+ Qg7 24. Ra7) 23... Rf8 24.
Ra4 c4 $2 ({Dies verliert zwingend. Nach} 24... b5 {
steht Weiss zwar deutlich besser, doch konnte Schwarz noch kaempfen.}) 25. dxc4
Be4 $6 ({Etwas hartnaeckiger, wenn auch ebenfalls aussichtslos, war} 25... Bc6)
26. Nxg6+ {Hiermit ist der Tag fuer Weiss entschieden. Der Rest bedarf keines
weiteren Kommentars.} 26... hxg6 27. Qh6+ Qh7 28. Qxh7+ Kxh7 29. fxe4 b5 30.
Ra7+ Kh6 31. exf5 Rxf5 32. Rxe6 Rxc4 33. Re2 Rfc5 34. Rb7 b4 35. h3 Rd5 36. Kh2
Rd1 37. Rb6 Rd5 38. b3 Rf4 39. Re3 Rc5 40. Rg3 Rxc2 41. Rbxg6+ Kh7 42. R6g4
Rxg4 43. Rxg4 1-0

[Event "22nd Oberwarter Open"]
[Site "Oberwart (Austria)"]
[Date "2000.07.10"]
[Round "3.11"]
[White "WINIWARTER, Felix"]
[Black "KRIVOSHEY, Sergei"]
[Result "0-1"]
[WhiteElo "2164"]
[BlackElo "2429"]
[PlyCount "41"]
[EventDate "2000.07.10"]

1. e4 d5 2. exd5 Nf6 3. d4 Bg4 4. f3 Bf5 5. c4 e6 6. dxe6 Nc6 7. Be3 Qe7 8. Nc3
O-O-O 9. Qd2 fxe6 10. O-O-O Qb4 11. g4 Bg6 12. h4 Nxd4 13. Bxd4 e5 14. g5 Rxd4
15. Qe1 Rxd1+ 16. Qxd1 Bc5 17. Qe2 Nh5 18. Qxe5 Re8 19. Bh3+ Kb8 20. Be6 Bd6
21. Qe2 {.} 0-1

[Event "22nd Oberwarter Open"]
[Site "Oberwart (Austria)"]
[Date "2000.07.10"]
[Round "3.12"]
[White "MEDVEGY, Zoltan"]
[Black "HASELHORST, Helmut"]
[Result "1-0"]
[WhiteElo "2428"]
[BlackElo "2191"]
[Annotator "OEM LOTHAR KARRER"]
[PlyCount "85"]
[EventDate "2000.07.10"]

1. e4 {Blatny,P} 1... c6 2. d4 d5 3. Nc3 g6 4. e5 ({Recht populaer ist} 4. h3
Bg7 5. Nf3 Nf6 6. e5 Ne4 7. Bd3 (7. Nxe4 dxe4 8. Ng5 c5 (8... f6 $6 9. Nxe4
fxe5 10. Bc4 $5 exd4 11. Ng5 Qa5+ 12. Bd2 Qe5+ 13. Kf1 $5 b5 14. Bf7+ Kf8 15.
Bb3 {Bangiew-Boehm, Deutschland 1994, und nun waere Weiss nach} 15... a5 $5 16.
Qf3+ {nur wenig besser gestanden.}) 9. Bc4 {
Keinen Vorteil fuer Weiss verspricht} (9. dxc5 Qa5+ 10. Bd2 Qxc5 11. Bc3 Nc6 $1
12. Nxe4 Qb6 13. Bc4 O-O 14. O-O Bxe5 15. Bxe5 Nxe5 16. Bb3 Be6 17. Qe2 Bxb3
18. axb3 {Dworetzki-Silberstein, USR-ch 1973. Unklar ist}) (9. c3 cxd4 10. cxd4
Nc6) (9. e6 Bxe6 10. Nxe6 fxe6 11. Bc4 ({Gleiches Spiel ergibt} 11. dxc5 Qxd1+
12. Kxd1 {Timoschtschenko-Matschulski, USR 1974})) 9... O-O 10. Nxe4 cxd4 11.
f4 Qb6 12. O-O d3+ 13. Rf2 $1 dxc2 14. Qxc2 Nc6 $5 (14... Bf5 $6 {waere wegen}
15. g4 $1 Bxe4 16. Qxe4 Nc6 17. Be3 {vorteilhaft fuer Weiss.}) 15. Qc3 Bf5 ({
Nur gleiches Spiel ergibt} 15... Qd4 16. Qxd4 Nxd4 17. Be3 Nf5 18. Bd2 Rd8 19.
Ng5 e6 20. g4 Nd4 21. Bc3 b5 22. Bf1 Bb7 23. Bg2 Bxg2 24. Kxg2 Nc6 25. Rc1 Ne7
26. Ba5 Rd7 27. Rd2 Rxd2+ 28. Bxd2 Nd5 29. Ne4 Bf8 30. Nf6+ Nxf6 31. exf6 a5 {
I. Novak-K. Petrik, Bratislava 1993 (1/2-1/2; 60).}) 16. Ng3 Rac8 17. Nxf5 gxf5
18. Be3 Qb4 19. Rc1 e6 20. Qxb4 Nxb4 21. a3 Nc6 22. Rfc2 {mit etwas besserem
Spiel fuer Weiss, Cholmow-Negulescu, Tyrgu Mures 1992 (1-0; 43)}) (7. Bd2 {
Diese Neuerung aus Not ist nach Blatny eher verdaechtig. Almasi benoetigte
fuer den Textzug fast 40 Minuten, was darauf hinweist, dass er mit den
Hauptfortsetzungen 7. Ld3 und 7. Lxe4 nicht gut vertraut war. Laut Theorie
sind beide Varianten unklar.} 7... c5 {Mit diesem starken Bauernvorstoss
greift Schwarz das weisse Bauernzentrum an und uebernimmt damit schon
fruehzeitig die Initiative.} 8. dxc5 (8. Bd3 {verbietet sich nach Blatny wegen}
8... cxd4 9. Nxd4 (9. Bxe4 $4 {scheitert wegen} 9... dxc3 {und Schwarz gewinnt.
}) 9... Nxc3 10. Bxc3 Bxe5 {Ebenso ist}) (8. Bb5+ {Blatny,P} 8... Bd7 9. Bxd7+
Qxd7 {guenstig fuer Schwarz.}) 8... O-O {Schwaecher waere} ({Auf} 8... Nc6 {
folgt} 9. Bb5 $1 O-O 10. Bxc6 bxc6 11. Nd4 {und Weiss erlangt etwas Gegenspiel
sowie die Moeglichkeit, den Be5 mittels f4 zu decken, oder} 11... Nxc5 $2 12.
Be3 $1 {und Weiss gewinnt durch Doppelangriff auf "d5" und "c5" einen Bauern.})
9. Bb5 {Mit der Absicht, a7-a6 zu provozieren, und damit das Feld "b6" zu
schwaechen - siehe Variante zu Ld7.} 9... Bd7 (9... a6 {Blatny,P} 10. Ba4 Nxc5
11. Be3 Nxa4 12. Nxa4 {und ploetzlich hat Schwarz Probleme.}) 10. Bd3 {Nach} (
10. Bxd7 {(Blatny,P) steht Schwarz vor der angenehmen Wahl} 10... Nxd7 11. Nxd5
Nxe5 {mit gefaehrlicher Initiative oder 10...Dxd7, gefolgt von Sc6, Tac8, Tfd8
usw. mit besserer Stellung.}) 10... Nxc5 11. Be3 {Nach} (11. Nxd5 {Blatny,P}
11... Nxd3+ 12. cxd3 Bb5 {waere die weisse Lage bereits kritisch.}) 11... Nxd3+
12. Qxd3 Bf5 {Nach dem passiveren} (12... e6 {(Blatny,P) oder}) (12... Bc6 {
(Blatny,P) konsolidiert sich Weiss mit} 13. O-O-O) 13. Qxd5 Nc6 14. O-O-O {Nach
} (14. Qxd8 {Blatny,P} 14... Rfxd8 {
bekommt Schwarz den geopferten Bauern mit Zinsen zurueck.}) 14... Qc7 15. Qc5 {
Der einzige Zug.} 15... Rac8 {Deckt indirekt "e7"} (15... b6 $4 {Blatny,P} 16.
Nd5 Qb7 17. Qxc6 $1) 16. g4 b6 17. Qb5 Be6 18. Rhe1 Na5 19. Ng5 Bc4 20. Qd7
Qxe5 21. Bd2 Qb8 22. Qxe7 {Nach} (22. Rxe7 $2 {Blatny,P} 22... Nc6 {verliert Sc
hwarz die Qualitaet, da der Turm wegen nachfolgendem Tfd8 und Weiss verliert
die Dame, stillhalten muss.}) 22... Rc6 23. Kb1 Rfc8 24. b3 {Der letzte Zug
war auch eine "strategische" Falle, in die der Anziehende, dessen Zeit bereits
knapp zu werden begann, prompt hineintappt.} 24... h6 25. Nge4 {
Erzwungen, denn nach} (25. bxc4 $2 {Blatny,P} 25... hxg5 {
gefolgt von Sxc4 gliche die weisse Stellung frapant einer Ruine.}) 25... Be6 {
Jetzt ist die Diagonale h8-a1 geschwaecht und auch der Schimmel auf c3 sieht
sich aufs Korn genommen.} 26. Qh4 g5 {
Mit haengender Klappe nimmt Weiss eine exzellente praktische Chance wahr.} 27.
Bxg5 hxg5 28. Nxg5 Qc7 {Zu diesem Zeitpunkt hatte ich noch mehr als eine halbe
Stunde Bedenkzeit und ich begann die Suche nach dem sicheren Gewinnzug. Aber
typisch fuer solche Stellungen war mit kein Zug gut genug und als Folge
waehlte ich nicht das Beste.} (28... Rxc3 $4 {Blatny,P} 29. Qh7+ Kf8 30. Nxe6+
fxe6 31. Rd7 $19) (28... Bxb3 $2 {(Blatny,P) GM P. Blatny} 29. Qh7+ (29. axb3
Rh6 30. Qg3 Qxg3 31. fxg3 Bxc3 $19) 29... Kf8 30. axb3 (30. cxb3 Rxc3 31. Ne6+
fxe6 32. Rd7 Rc1+ $1 33. Rxc1 Rxc1+ 34. Kxc1 Qc8+ $19) 30... Rxc3 $4 (30... Qf4

[Event "22nd Oberwarter Open"]
[Site "Oberwart (Austria)"]
[Date "2000.07.10"]
[Round "3.13"]
[White "MAYR, Thomas"]
[Black "SZIEBERT, Adam"]
[Result "0-1"]
[WhiteElo "2059"]
[BlackElo "2421"]
[PlyCount "72"]
[EventDate "2000.07.10"]

1. e4 c5 2. Ne2 d6 3. c4 e5 4. d3 Be7 5. g3 Bg4 6. Bg2 Qd7 7. Nbc3 Nc6 8. Qa4
Nf6 9. h3 Be6 10. Be3 O-O 11. f4 g6 12. g4 exf4 13. Bxf4 a6 14. Nd5 b5 15. Qc2
Bxd5 16. cxd5 Ne5 17. O-O Qa7 18. Kh1 Nfd7 19. Be3 Bf6 20. Rac1 Qb7 21. b3 Bg7
22. Qd2 a5 23. d4 cxd4 24. Bxd4 b4 25. Rc2 Rac8 26. Rfc1 Qa6 27. Rc7 Rxc7 28.
Rxc7 Rc8 29. Ra7 Qb5 30. Bf1 Nf3 31. Qd1 Bxd4 32. Nxd4 Qb6 33. Rxd7 Nxd4 34.
Qd2 Nf3 35. Qg2 Qe3 36. Rxd6 Rc2 0-1

[Event "22nd Oberwarter Open"]
[Site "Oberwart (Austria)"]
[Date "2000.07.10"]
[Round "3.14"]
[White "SINGER, Richard"]
[Black "EINGORN, Vereslav"]
[Result "0-1"]
[WhiteElo "2337"]
[BlackElo "2586"]
[PlyCount "79"]
[EventDate "2000.07.10"]

1. d4 e6 2. c4 Bb4+ 3. Bd2 a5 4. a3 Bxd2+ 5. Qxd2 Nf6 6. Nc3 d6 7. Nf3 Nbd7 8.
g3 O-O 9. Bg2 e5 10. Rd1 exd4 11. Qxd4 a4 12. O-O Re8 13. Qd2 Nc5 14. Nd4 Be6
15. Nxe6 fxe6 16. Qc2 Qe7 17. e3 Kh8 18. Nxa4 Nxa4 19. Bxb7 Qd7 20. Bxa8 Rxa8
21. f3 Qc6 22. b3 Nc5 23. b4 Ncd7 24. Qb3 Ne5 25. e4 Nxc4 26. Rc1 Qb6+ 27. Rf2
d5 28. exd5 exd5 29. a4 Re8 30. Kg2 Qd4 31. a5 h5 32. Ra2 Re3 33. Qd1 Qa7 34.
Qg1 c6 35. a6 Nd7 36. Kh1 Ndb6 37. Rb1 d4 38. Rd1 d3 39. Ra5 Qf7 40. Qg2 0-1

[Event "22nd Oberwarter Open"]
[Site "Oberwart (Austria)"]
[Date "2000.07.10"]
[Round "3.15"]
[White "RASHKOVSKY, Nukhim"]
[Black "CSONKA, Attila"]
[Result "1-0"]
[WhiteElo "2508"]
[BlackElo "2310"]
[PlyCount "119"]
[EventDate "2000.07.10"]

1. d4 Nf6 2. c4 e6 3. g3 d5 4. Nf3 b6 5. Bg2 Bb7 6. Ne5 Bd6 7. Nc3 O-O 8. Bg5
c6 9. O-O h6 10. Bxf6 Qxf6 11. f4 Bxe5 12. fxe5 Qg5 13. Rf4 Na6 14. e3 Nc7 15.
Qf3 f5 16. exf6 Rxf6 17. Rxf6 Qxf6 18. Qxf6 gxf6 19. b3 Rd8 20. Rc1 Rd7 21. Kf2
Kg7 22. cxd5 Nxd5 23. Bxd5 cxd5 24. Ne2 Kf7 25. g4 Ke7 26. Nf4 Kd6 27. Kg3 Rg7
28. Kh4 Ba6 29. h3 Rg5 30. Rc2 Kd7 31. Kg3 Rg8 32. Nh5 Rg6 33. Kf4 Kd6 34. Rc1
Kd7 35. Ng3 Bd3 36. Rc3 Bb1 37. a3 Rg8 38. Nh5 Rf8 39. Kg3 f5 40. Nf4 Rg8 41.
Kh4 Be4 42. gxf5 Bxf5 43. Kh5 Rg1 44. Kxh6 Rh1 45. Kg5 Bxh3 46. Nd3 Rd1 47. Kh4
Bf5 48. Ne5+ Ke8 49. Rc8+ Ke7 50. Rc7+ Kd8 51. Rxa7 Rb1 52. b4 Rb3 53. Kg5 Rxe3
54. Kf6 Rh3 55. Nc6+ Ke8 56. a4 Rc3 57. Re7+ Kf8 58. Rc7 Ke8 59. b5 Ra3 60. a5
1-0

[Event "22nd Oberwarter Open"]
[Site "Oberwart (Austria)"]
[Date "2000.07.10"]
[Round "3.16"]
[White "RUCK, Robert"]
[Black "WOHLFAHRT, Herbert"]
[Result "1-0"]
[WhiteElo "2489"]
[BlackElo "2284"]
[PlyCount "99"]
[EventDate "2000.07.10"]

1. Nf3 Nf6 2. c4 g6 3. g3 Bg7 4. Bg2 O-O 5. d4 d6 6. Nc3 Nc6 7. O-O a6 8. b3
Rb8 9. Nd5 e6 10. Nxf6+ Bxf6 11. Bh6 Bg7 12. Bxg7 Kxg7 13. d5 Ne7 14. Rc1 e5
15. c5 Bg4 16. Ng5 h6 17. Ne4 Qd7 18. f3 Bf5 19. cxd6 cxd6 20. Nf2 Qd8 21. f4
Qb6 22. fxe5 dxe5 23. e4 Bd7 24. Qd2 Rbc8 25. Qb2 f6 26. Qa3 Rxc1 27. Rxc1 Kf7
28. Bf1 Nc8 29. b4 Nd6 30. Rc5 Rc8 31. Qc3 Qd8 32. Kg2 Kg7 33. Rxc8 Bxc8 34. a4
Qe7 35. Qc5 Bd7 36. a5 Ba4 37. Be2 Qd7 38. Bg4 Qd8 39. Be6 Bb5 40. h4 h5 41.
Kf3 Nc4 42. g4 hxg4+ 43. Nxg4 Nd2+ 44. Kg2 Nc4 45. Qa7 Qe7 46. Qb8 Be8 47. Qc8
Nd6 48. Qc1 g5 49. hxg5 fxg5 50. Qh1 1-0